[Event "St Petersburg Winter op"]
[Site "St Petersburg"]
[Date "2007.02.08"]
[Round "9"]
[White "Gnidenko, Andrey"]
[Black "Frolov, Albert"]
[Result "1-0"]
[WhiteElo "2103"]
[BlackElo "2035"]
[PlyCount "85"]
[EventDate "2007.01.29"]
[EventType "swiss"]
[EventRounds "9"]
[EventCountry "RUS"]
[SourceTitle "EXT 2008"]
[Source "ChessBase"]
[SourceDate "2007.11.25"]
[SourceVersion "1"]
[SourceVersionDate "2007.11.25"]
[SourceQuality "1"]

1. d4 Nf6 2. c4 g6 3. Nc3 Bg7 4. e4 d6 5. f3 0-0 6. Be3 Nc6 7. Qd2 a6 8. Nge2 Rb8 9. Nc1 e5 10. d5 Nd4 11. Nb3 Nxb3 12. axb3 c5 13. dxc6 bxc6 14. 0-0-0 Qa5 15. Na4 Qxd2+ 16. Rxd2 Rxb3 17. Nc3 Rd8 18. Be2 a5 19. Kc2 Rb8 20. Ra1 Be6 21. Rxa5 Rd7 22. b4 Ne8 23. b5 c5 24. Nd5 f5 25. Ra6 f4 26. Bxc5 Bxd5 27. Rxd5 Bf8 28. Rd1 Rc7 29. Bb6 Rcb7 30. Bf2 Rc8 31. b6 Nf6 32. Ra7 Rbb8 33. Kd3 g5 34. Rb1 Rd8 35. Bd1 Nd7 36. Ba4 Nc5+ 37. Ke2 Nxa4 38. Rxa4 Rdc8 39. b7 Rc7 40. Rab4 d5 41. Rb5 dxe4 42. Ba7 exf3+ 43. gxf3 1-0

[Event "St Petersburg Winter op"]
[Site "St Petersburg"]
[Date "2007.02.07"]
[Round "8"]
[White "Kuzmin, Yuriy"]
[Black "Frolov, Albert"]
[Result "0-1"]
[WhiteElo "2125"]
[BlackElo "2035"]
[PlyCount "50"]
[EventDate "2007.01.29"]
[EventType "swiss"]
[EventRounds "9"]
[EventCountry "RUS"]
[SourceTitle "EXT 2008"]
[Source "ChessBase"]
[SourceDate "2007.11.25"]
[SourceVersion "1"]
[SourceVersionDate "2007.11.25"]
[SourceQuality "1"]

1. e4 c5 2. Nf3 d6 3. d4 cxd4 4. Nxd4 Nf6 5. Nc3 a6 6. f4 e5 7. Nf3 Qc7 8. Be3 Be7 9. Qd2 Nbd7 10. 0-0-0 b5 11. Bd3 Nc5 12. a3 Bb7 13. Qe2 0-0 14. Bd2 Rac8 15. Rhe1 Rfe8 16. g4 d5 17. exd5 e4 18. Nxe4 Nfxe4 19. Bxe4 Nxe4 20. Ba5 Qxf4+ 21. Kb1 Bd6 22. g5 Nc3+ 23. Bxc3 Rxe2 24. Rxe2 Qxf3 25. Rde1 Kf8 0-1

[Event "St Petersburg Winter op"]
[Site "St Petersburg"]
[Date "2007.02.02"]
[Round "5"]
[White "Korchagina, Victoria"]
[Black "Frolov, Albert"]
[Result "0-1"]
[WhiteElo "2123"]
[BlackElo "2035"]
[PlyCount "180"]
[EventDate "2007.01.29"]
[EventType "swiss"]
[EventRounds "9"]
[EventCountry "RUS"]
[SourceTitle "EXT 2008"]
[Source "ChessBase"]
[SourceDate "2007.11.25"]
[SourceVersion "1"]
[SourceVersionDate "2007.11.25"]
[SourceQuality "1"]

1. e4 c5 2. Nf3 d6 3. d4 cxd4 4. Nxd4 Nf6 5. Nc3 a6 6. f3 e5 7. Nb3 Be6 8. Be3 Nbd7 9. Qd2 Be7 10. 0-0-0 0-0 11. g4 Nc5 12. g5 Nh5 13. h4 Qc7 14. Bh3 Bxh3 15. Rxh3 Nxb3+ 16. axb3 Qa5 17. Kb1 Rfe8 18. Qf2 Rac8 19. Nd5 Qd8 20. f4 exf4 21. Qf3 fxe3 22. Qxh5 Rxc2 23. Rxe3 Rc6 24. Rf1 g6 25. Qf3 Rf8 26. Nf6+ Kg7 27. h5 Rc5 28. Qh3 Bxf6 29. gxf6+ Kh8 30. hxg6 fxg6 31. Ref3 Qe8 32. Qh4 Rf7 33. Qg4 Qc8 34. Qf4 Qe6 35. Qe3 Kg8 36. Rf4 Rb5 37. R1f3 Rb4 38. Qa7 Rxe4 39. Qb8+ Qe8 40. Qxd6 Re6 41. Qd4 Qd7 42. Qc3 Rc6 43. Qe3 Re6 44. Qc1 Qe8 45. Qc4 Rd6 46. Re4 Qd8 47. Qa4 b5 48. Qb4 Rdxf6 49. Rxf6 Qxf6 50. Ka2 Kg7 51. Qe1 h5 52. Re6 Qf5 53. Qc3+ Kh7 54. Re5 Qf6 55. Qe3 Qf4 56. Qc5 h4 57. Qc3 b4 58. Qe1 h3 59. Re2 Rf5 60. Re4 Ra5+ 61. Kb1 Qf5 62. Qh4+ Kg7 63. Qe7+ Qf7 64. Qxb4 Qf1+ 65. Kc2 Qf2+ 66. Kb1 Qf5 67. Qd4+ Kh7 68. Qa7+ Kh6 69. Qe3+ g5 70. Qd3 Re5 71. Qd6+ Kh5 72. Qxe5 Qxe5 73. Rxe5 Kh4 74. Kc2 g4 75. Kd3 h2 76. Re8 g3 77. Ke3 g2 78. Kf4 Kh5 79. Rh8+ Kg6 80. Rg8+ Kf7 81. Rxg2 h1Q 82. Rf2 Ke6 83. Ke3 Qd1 84. b4 Qb3+ 85. Ke4 Qxb4+ 86. Kd3 Qb5+ 87. Ke3 Ke5 88. Rd2 Qb3+ 89. Ke2 Ke4 90. Ke1 Qb4 0-1

[Event "St Petersburg Winter op"]
[Site "St Petersburg"]
[Date "2007.02.01"]
[Round "4"]
[White "Frolov, Albert"]
[Black "Yankovsky, Roman"]
[Result "0-1"]
[WhiteElo "2035"]
[BlackElo "2164"]
[PlyCount "70"]
[EventDate "2007.01.29"]
[EventType "swiss"]
[EventRounds "9"]
[EventCountry "RUS"]
[SourceTitle "EXT 2008"]
[Source "ChessBase"]
[SourceDate "2007.11.25"]
[SourceVersion "1"]
[SourceVersionDate "2007.11.25"]
[SourceQuality "1"]

1. e4 c5 2. Nf3 d6 3. d4 cxd4 4. Nxd4 Nf6 5. Nc3 g6 6. Be3 Bg7 7. f3 0-0 8. Qd2 Nc6 9. Bc4 Bd7 10. Bb3 Qa5 11. 0-0-0 Rfc8 12. Kb1 Ne5 13. Bh6 Nc4 14. Bxc4 Bxh6 15. Bxf7+ Kg7 16. Nb3 Bxd2 17. Nxa5 Bxc3 18. bxc3 Kxf7 19. Kb2 b6 20. Nb3 Rc7 21. Rhe1 Rac8 22. Re3 Be6 23. h3 Nd7 24. f4 Nc5 25. Rd2 Na4+ 26. Ka1 Rxc3 27. Ree2 R3c4 28. g4 Nc3 29. f5 Bd7 30. Re3 Rxe4 31. Rxe4 Nxe4 32. Rd4 gxf5 33. Kb2 Nc5 34. Nd2 fxg4 35. hxg4 Rg8 0-1

[Event "St Petersburg-ch qual"]
[Site "St Petersburg"]
[Date "2006.12.08"]
[Round "6"]
[White "Kruglov, Vladimir"]
[Black "Frolov, Albert"]
[Result "1/2-1/2"]
[WhiteElo "1968"]
[BlackElo "2086"]
[PlyCount "112"]
[EventDate "2006.11.27"]
[EventType "swiss"]
[EventRounds "10"]
[EventCountry "RUS"]
[SourceTitle "EXT 2008"]
[Source "ChessBase"]
[SourceDate "2007.11.25"]
[SourceVersion "1"]
[SourceVersionDate "2007.11.25"]
[SourceQuality "1"]

1. e4 c5 2. Nf3 d6 3. d3 Nc6 4. g3 g6 5. Bg2 Bg7 6. 0-0 Nf6 7. Nbd2 0-0 8. a4 Re8 9. c3 Rb8 10. Qe2 Qc7 11. Nh4 e5 12. Nc4 Bg4 13. f3 Be6 14. f4 Bxc4 15. dxc4 exf4 16. Bxf4 Ne5 17. Nf3 h6 18. Nxe5 dxe5 19. Be3 b6 20. h4 Qd7 21. Qf3 Ng4 22. Bh3 h5 23. Bxg4 hxg4 24. Qe2 Qe6 25. Rad1 Rbd8 26. Rd5 Rxd5 27. cxd5 Qd7 28. Qb5 Qxb5 29. axb5 f6 30. c4 Kf7 31. Kf2 Rc8 32. Rh1 Bf8 33. Ra1 Rc7 34. Ke2 Be7 35. Rh1 Bd6 36. Rf1 Kg7 37. h5 g5 38. Bd2 Rf7 39. Ke3 Kh6 40. Rf2 Kxh5 41. Rh2+ Kg6 42. Rh8 Bf8 43. Rh2 f5 44. exf5+ Rxf5 45. Rf2 Rxf2 46. Kxf2 Kf5 47. Ke3 Bd6 48. Bc3 e4 49. Kf2 e3+ 50. Kxe3 Bxg3 51. b4 Bd6 52. bxc5 bxc5 53. Be1 g3 54. Kf3 g4+ 55. Kg2 Bf4 56. Bxg3 Be3 1/2-1/2

[Event "St Petersburg-ch qual"]
[Site "St Petersburg"]
[Date "2006.12.04"]
[Round "4"]
[White "Frolov, Albert"]
[Black "Romanov, Vasily"]
[Result "0-1"]
[WhiteElo "2086"]
[BlackElo "1986"]
[PlyCount "208"]
[EventDate "2006.11.27"]
[EventType "swiss"]
[EventRounds "10"]
[EventCountry "RUS"]
[SourceTitle "EXT 2008"]
[Source "ChessBase"]
[SourceDate "2007.11.25"]
[SourceVersion "1"]
[SourceVersionDate "2007.11.25"]
[SourceQuality "1"]

1. e4 c5 2. Nf3 d6 3. d4 cxd4 4. Nxd4 Nf6 5. Nc3 a6 6. f4 e6 7. Be2 Be7 8. 0-0 0-0 9. Kh1 Nc6 10. a4 Qc7 11. Nb3 b6 12. Be3 Rb8 13. Qd2 Na5 14. Nxa5 bxa5 15. Qc1 Rb4 16. Bf3 Bb7 17. Bd2 Rc4 18. Qe1 d5 19. exd5 exd5 20. Be2 Rc6 21. Bd3 Re6 22. Ne2 Bd8 23. f5 Ree8 24. Bf4 Qb6 25. Qf2 Qxf2 26. Rxf2 Bb6 27. Rff1 Ne4 28. h3 Nf2+ 29. Rxf2 Bxf2 30. Bd6 d4 31. Bxf8 Kxf8 32. Rf1 Be3 33. Nc1 f6 34. Ne2 Re5 35. Nf4 Kf7 36. Ne6 Bd5 37. Nc7 Bc6 38. b3 Rc5 39. Bc4+ Ke7 40. Ne6 Re5 41. Nxg7 Bh6 42. Ne6 Be3 43. Bxa6 Be4 44. Bd3 Bd5 45. Nc7 Bc6 46. Ne6 Bd5 47. Nf4 Bf7 48. Kh2 Kd6 49. g3 Kc5 50. Bb5 Kd6 51. Bd3 Kc5 52. Ng2 Kb4 53. Re1 Kc3 54. Rf1 Bxb3 55. Ne1 Bxa4 56. Kg2 Bd2 57. Nf3 Bc6 58. Kf2 Re3 59. Nxd2 Kxd2 60. Ra1 Rf3+ 61. Kg1 Rxg3+ 62. Kf2 Rf3+ 63. Kg1 a4 64. Kh2 Kc3 65. Rb1 Bd5 66. Rb5 Ba2 67. Rc5+ Kb4 68. Rc6 a3 69. Rxf6 Bc4 70. Rb6+ Kc5 71. Rb8 Bxd3 72. cxd3 Rxf5 73. Rb7 h5 74. Kg2 Rf6 75. Rc7+ Rc6 76. Ra7 Kb4 77. Kf3 Kb3 78. Ke4 Rd6 79. Rb7+ Kc3 80. Rc7+ Kb4 81. Ra7 Kb3 82. Rb7+ Ka2 83. Ke5 Rd8 84. Ke4 Ka1 85. Rb5 a2 86. Rxh5 Kb2 87. Rb5+ Kc3 88. Ra5 Re8+ 89. Kd5 Rh8 90. Rxa2 Rxh3 91. Ra3+ Kb4 92. Ra7 Rxd3 93. Rb7+ Kc3 94. Rc7+ Kd2 95. Rc8 Ke2 96. Rh8 Rd1 97. Rh2+ Kd3 98. Rh3+ Kc2 99. Rh2+ Kc3 100. Rh8 d3 101. Rc8+ Kd2 102. Kd4 Rh1 103. Ra8 Rh4+ 104. Ke5 Ke2 0-1

[Event "St Petersburg-ch qual"]
[Site "St Petersburg"]
[Date "2006.12.01"]
[Round "3"]
[White "Vunder, Andrei"]
[Black "Frolov, Albert"]
[Result "1-0"]
[WhiteElo "2284"]
[BlackElo "2086"]
[PlyCount "89"]
[EventDate "2006.11.27"]
[EventType "swiss"]
[EventRounds "10"]
[EventCountry "RUS"]
[SourceTitle "EXT 2008"]
[Source "ChessBase"]
[SourceDate "2007.11.25"]
[SourceVersion "1"]
[SourceVersionDate "2007.11.25"]
[SourceQuality "1"]

1. d4 Nf6 2. c4 e6 3. Nf3 d5 4. e3 c5 5. cxd5 Nxd5 6. Nc3 cxd4 7. exd4 Be7 8. Bd3 0-0 9. 0-0 Nc6 10. Re1 Bf6 11. Bc2 Nb6 12. Be3 Nc4 13. Bxh7+ Kxh7 14. Qd3+ Kg8 15. Qxc4 Ne7 16. Bf4 Nd5 17. Nxd5 exd5 18. Qb3 b6 19. Rac1 Re8 20. Rxe8+ Qxe8 21. Be5 Bxe5 22. Nxe5 Be6 23. h3 Qe7 24. Rc3 Qg5 25. Qc2 Bf5 26. Qb3 Be6 27. Rc7 g6 28. Qc3 Kg7 29. Qc6 Qd8 30. Qb7 Qf8 31. a3 Kg8 32. Qc6 Rc8 33. Rxc8 Qxc8 34. Qxc8+ Bxc8 35. Nc6 Kf8 36. Nxa7 Bd7 37. Kf1 f6 38. Ke1 Ke7 39. Kd2 Ke6 40. b3 b5 41. Kc3 Kf5 42. Kb4 Ke4 43. Nxb5 f5 44. a4 g5 45. Kc3 1-0

[Event "Chigorin Memorial-B 14th"]
[Site "St Petersburg"]
[Date "2006.10.27"]
[Round "6"]
[White "Frolov, Albert"]
[Black "Vunder, Yakov"]
[Result "1/2-1/2"]
[WhiteElo "2086"]
[BlackElo "2248"]
[PlyCount "110"]
[EventDate "2006.10.23"]
[EventType "swiss"]
[EventRounds "9"]
[EventCountry "RUS"]
[SourceTitle "EXT 2007"]
[Source "ChessBase"]
[SourceDate "2006.11.23"]
[SourceVersion "1"]
[SourceVersionDate "2006.11.23"]
[SourceQuality "1"]

1. d4 d5 2. c4 e6 3. Nc3 Be7 4. Nf3 Nf6 5. Bg5 0-0 6. e3 Nbd7 7. Rc1 c6 8. Bd3 dxc4 9. Bxc4 a6 10. 0-0 c5 11. dxc5 Nxc5 12. a3 b5 13. Ba2 Bb7 14. Nd4 Nfd7 15. Bxe7 Qxe7 16. Qe2 Rfd8 17. f3 Nb6 18. b4 Nca4 19. Nxa4 Nxa4 20. Bb3 Nb6 21. Rc5 Rac8 22. Rfc1 Nc4 23. Bxc4 Rxc5 24. bxc5 bxc4 25. Qxc4 Qg5 26. Qe2 Rc8 27. c6 e5 28. Rb1 Ba8 29. f4 Qg6 30. f5 Qh6 31. Nf3 Qxc6 32. Nxe5 Qe4 33. Nd3 Qxf5 34. Rf1 Qg6 35. Ne5 Qe4 36. Nf3 a5 37. Ng5 Qg6 38. Qb5 h6 39. Qd7 Rf8 40. Nf3 Qe4 41. Qd4 Qe7 42. Qc3 a4 43. Kf2 Qe6 44. Qb4 Re8 45. Re1 Bc6 46. Kg1 Qg6 47. Kf2 Rd8 48. Re2 Rd1 49. Rd2 Bxf3 50. Kxf3 Qh5+ 51. Kf2 Qf5+ 52. Kg3 Qe5+ 53. Kf2 Qf5+ 54. Kg3 Qg5+ 55. Kf2 Qf5+ 1/2-1/2